000 00728nab a2200229u 4500
001 23253
003 HDC
007 c| |||a|c|aaaa
008 210316b20170919my ||||| |||| 00| 0 may d
040 _aHDC
245 0 _aProgram GTG bantu usahawan teroka pasaran global
336 _atext
_2rdacontent
337 _acomputer
_2rdamedia
338 _aonline resource
_2rdacarrier
650 _aGate to Global (GTG) program
_919915
650 _aSME Corp
_99986
710 _aBERITA HARIAN
856 _zRequest full-text at [email protected]
942 _2lcc
942 _cNEWS
942 _kNWSC 005114
999 _c20569
_d20569